MCU Villains by Picture - Infinity Saga - Statistics

General Stats
  • This quiz has been taken 87 times
  • The average score is 16 of 21
Answer Stats
Picture Hint Answer % Correct
Thor & The Avengers Loki
100%
Captain America: The First Avenger Red Skull
97%
Avengers: Age of Ultron Ultron
97%
Avengers: Infinity War & Avengers: Endgame Thanos
95%
Thor: Ragnarok Hela
92%
The Incredible Hulk Abomination
85%
Doctor Strange Dormammu
83%
Guardians of the Galaxy Vol. 2 Ego
83%
Black Panther Erik Killmonger
83%
Spider-Man: Homecoming Vulture
82%
Spider-Man: Far From Home Mysterio
80%
Guardians of the Galaxy Ronan the Accuser
80%
Iron Man 2 Whiplash
78%
Iron Man Iron Monger
71%
Ant-Man and the Wasp Ghost
68%
Ant-Man Yellowjacket
68%
Captain America: Civil War Helmut Zemo
65%
Iron Man 3 Aldrich Killian
58%
Thor: The Dark World Malekith
55%
Captain America: The Winter Soldier Alexander Pierce
54%
Captain Marvel Yon-Rogg
37%
No matching quizzes found
Score Distribution
Percent of People with Each Score
Percentile by Number Answered
Your Score History
You have not taken this quiz